De-idealizing relational theory (Record no. 967753)

MARC details
000 -LEADER
fixed length control field 00827nam a2200265Ia 4500
003 - CONTROL NUMBER IDENTIFIER
control field OSt
005 - DATE AND TIME OF LATEST TRANSACTION
control field 20221005061132.0
008 - FIXED-LENGTH DATA ELEMENTS--GENERAL INFORMATION
fixed length control field 221004b |||||||| |||| 00| 0 eng d
020 ## - INTERNATIONAL STANDARD BOOK NUMBER
International Standard Book Number 9781138080164 (pbk)
037 ## - SOURCE OF ACQUISITION
Terms of availability Textual
040 ## - CATALOGING SOURCE
Original cataloging agency CRL
Transcribing agency CRL
Language of cataloging eng
041 ## - LANGUAGE CODE
Source of code eng
Language code of text/sound track or separate title eng
100 ## - MAIN ENTRY--PERSONAL NAME
Personal name Aron Lewis Ed.
9 (RLIN) 600245
245 #0 - TITLE STATEMENT
Title De-idealizing relational theory
Remainder of title a critique from within
260 ## - PUBLICATION, DISTRIBUTION, ETC.
Place of publication, distribution, etc. London
Name of publisher, distributor, etc. Routledge UK
Date of publication, distribution, etc. 2018
300 ## - PHYSICAL DESCRIPTION
Extent xiv,239p.
Dimensions cm.
650 ## - SUBJECT ADDED ENTRY--TOPICAL TERM
Topical term or geographic name entry element PSYCHOANALYSIS
700 ## - ADDED ENTRY--PERSONAL NAME
Personal name Grand Sue Ed.
9 (RLIN) 600246
942 ## - ADDED ENTRY ELEMENTS (KOHA)
Classification part SM9, Q8
Koha item type Textual
Source of classification or shelving scheme
Holdings
Withdrawn status Lost status Damaged status Not for loan Home library Current library Date acquired Source of acquisition Total Checkouts Full call number Barcode Date last seen Price effective from Koha item type
        Central Library Central Library 2022-10-05 BBS/140, 18/03/2019, Better Book Service   SM9 Q8 CL1661495 2022-10-05 2022-10-05 Textual
Copyright @ Delhi University Library System